zpět

Detail výsledku týmu

Bounty Rock Cafe, Olomouc

Datum a čas kvízu

30 Celkem bodů Celkový počet nahraných bodů na tomto kvízu bez doplňovacích otázek.
9. Pořadí na kvízu Konečné umístění týmu na tomto kvízu.

Zaznamenané odpovědi

# Otázka Odpověď Body Výsledky
1. V pátek se dostala do prodeje... vlky 0
2. V jedné evropské zemi platí od... Itálie 0
3. Drony na Havaji zachytily neob... barví se do růžova 1
4. Který maloobchodní řetězec půs... Billa 0
5. Napište název nočního klubu v... Belmondo 1
6. Na začátek tématu a otázky si... třetím 1
7. Rozlohou třetí největší africk... Malawi 0
8. Seřaďte africké ostrovy v pořa... 1D 2B 3A 4C 0
9. Jak se jmenuje město na úpatí... Kapské město (Cape Town) 0
10. Afrika se trhá, od zbytku se o... C 1